000 01082cad a22002535a 4500
001 L160106
008 100611s2009 xxk f 000 0 eng d
035 _a(Sirsi) u160106
041 0 _aeng
110 2 _aFederation International Des Geometres
111 2 _aFIG Regional Conference
_bHanoi, Vietnam
_d19-22 October 2009
245 0 4 _aThe importance of geodetic infrastructure
_h[electronic resource]
260 _aHanoi
_bFIG
_c2009
520 _aDescribes the multi-faceted nature of the ground and space infrastructure required for the geodetic technologies and reaffirms the value of the geodesy for not only traditional tasks such as surveying and mapping, but also the contributions being made to the geosciences.
521 _aAdvanced
590 _aKA
650 2 4 _aGEODESY
650 2 4 _aINFRASTRUCTURE
_96246
651 4 _aInternational
690 _aLand use
_96251
700 1 _aRizos, Chris
856 4 0 _uhttps://www.rics.org/Global/Downloads/The_Importance_of_Geodetic_Infrastructure.pdf
_zView the presentation free of charge at www.rics.org
942 _n0
999 _c116221
_d116221